Slovaques célèbres par images - Statistiques

Statistiques générales
  • Ce quiz a été pris 45 fois
  • Le résultat moyen est 3 sur 9
Statistiques - réponses
Par images Réponse % Correct
Marek Hamšík
75%
Adriana Karembeu
64%
Peter Sagan
61%
Martin Škrtel
43%
Dominika Cibulková
11%
Ivan Reitman
7%
Jozef Tiso
7%
Milan Rastislav Štefánik
5%
Michal Kováč
0%
Aucun quiz correspondant
Distribution des résultats
% des personnes avec chaque résultat
Percentile par nombre de réponses
Votre historique - résultats
Vous n’avez pas pris ce quiz